[Event "WCh-Junior"]
[Site "Gaziantep TUR"]
[Date "2008.08.13"]
[Round "11"]
[White "Braun,A"]
[Black "So,W"]
[Result "1-0"]
[WhiteElo "2533"]
[BlackElo "2577"]
[EventDate "2008.08.03"]

1. d4 Nf6 2. c4 e6 3. Nc3 Bb4 4. Qc2 O-O 5. a3 Bxc3+ 6. Qxc3 b6 7. Bg5 Bb7
8. f3 h6 9. Bh4 d5 10. e3 Nbd7 11. Nh3 c5 12. cxd5 Nxd5 13. Bxd8 Nxc3 14.
Be7 Rfe8 15. Bh4 Nd5 16. Bb5 g5 17. Bf2 Red8 18. e4 N5f6 19. Be3 cxd4 20.
Bxd4 Rac8 21. Nf2 a6 22. Be2 e5 23. Bc3 Re8 24. O-O-O Nc5 25. Kb1 Kg7 26.
Rd6 Na4 27. Bd2 Red8 28. Rxd8 Rxd8 29. Be3 Nc5 30. Rc1 Nfd7 31. Rd1 Rb8 32.
Rd6 Bc8 33. Ng4 Ne6 34. Bxa6 Bxa6 35. Rxd7 Nf8 36. Rd6 Bf1 37. Nxe5 Bxg2
38. Bd4 Ne6 39. Rxe6 1-0

[Event "WCh-Junior"]
[Site "Gaziantep TUR"]
[Date "2008.08.13"]
[Round "11"]
[White "Howell,D"]
[Black "Brkic,A"]
[Result "1-0"]
[WhiteElo "2561"]
[BlackElo "2530"]
[EventDate "2008.08.03"]

1. e4 c5 2. c3 Nf6 3. e5 Nd5 4. Nf3 Nc6 5. Bc4 e6 6. d4 cxd4 7. O-O d6 8.
cxd4 Be7 9. a3 O-O 10. Re1 a6 11. Bd3 Bd7 12. Qe2 Qb6 13. Qe4 f5 14. exf6
Nxf6 15. Qh4 d5 16. Nc3 Ne4 17. Qh3 Nxd4 18. Be3 Nxf3+ 19. gxf3 Bc5 20.
Bxc5 Qxc5 21. fxe4 Qxf2+ 22. Kh1 Rf3 23. Qf1 Raf8 24. Be2 R3f4 25. Qxf2
Rxf2 26. exd5 exd5 27. Rf1 d4 28. Rxf2 Rxf2 29. Kg1 Rf5 30. Ne4 Bc6 31.
Bc4+ Kf8 32. Ng3 Rc5 33. Bd3 h5 34. Rf1+ Ke8 35. Nxh5 1-0

[Event "WCh-Junior"]
[Site "Gaziantep TUR"]
[Date "2008.08.13"]
[Round "11"]
[White "Boros,De"]
[Black "Gupta,Ab"]
[Result "0-1"]
[WhiteElo "2472"]
[BlackElo "2551"]
[EventDate "2008.08.03"]

1. c4 Nf6 2. Nf3 c6 3. d4 d5 4. Qb3 dxc4 5. Qxc4 Bf5 6. g3 e6 7. Bg2 Be7 8.
O-O Nbd7 9. Rd1 O-O 10. e3 Ne4 11. Nbd2 Qb6 12. Qe2 Rfd8 13. Nh4 Bxh4 14.
Nxe4 Be7 15. Nc3 Bg6 16. e4 e5 17. Be3 exd4 18. Bxd4 Nc5 19. h4 h6 20. h5
Bh7 21. Qg4 Rxd4 22. Rxd4 Qxb2 23. Rad1 Qxc3 24. Bf1 b5 25. Bg2 Rf8 26. e5
Bc2 27. R1d2 Bd3 28. Rd1 Qc2 29. e6 f5 30. Qf3 Be2 31. Qxc6 Bxd1 32. Qc7
Ne4 0-1

[Event "WCh-Junior"]
[Site "Gaziantep TUR"]
[Date "2008.08.13"]
[Round "11"]
[White "Safarli,E"]
[Black "Ramirez,Alej"]
[Result "1-0"]
[WhiteElo "2527"]
[BlackElo "2531"]
[EventDate "2008.08.03"]

1. e4 e6 2. d4 d5 3. exd5 exd5 4. c4 Nf6 5. Nc3 Be7 6. Bd3 Nc6 7. cxd5 Nb4
8. Bb1 Nbxd5 9. Nge2 O-O 10. O-O c6 11. Ng3 Re8 12. a3 Bd6 13. Qd3 g6 14.
Bg5 Bf4 15. Bxf4 Nxf4 16. Qd2 Qc7 17. f3 Rd8 18. Nge4 N6d5 19. g3 Nh5 20.
Ba2 Be6 21. Ng5 Nxg3 22. hxg3 Qxg3+ 23. Qg2 Qxg2+ 24. Kxg2 Ne3+ 25. Kf2
Nxf1 26. Bxe6 fxe6 27. Rxf1 Rxd4 28. Nce4 Rf8 29. Ke3 Rd5 30. Rh1 Rff5 31.
Nxe6 Rde5 32. Nd4 Rf7 33. f4 Rd5 34. Nf3 Re7 35. Ne5 Kg7 36. Rg1 Rb5 37. b4
a5 38. Nd6 Rexe5+ 39. fxe5 Rxe5+ 40. Kf4 Rd5 41. Nxb7 axb4 42. a4 b3 43.
Ke4 Rh5 44. Kd3 Kf6 45. Kc3 Rh3+ 46. Kb2 Ke7 47. a5 Kd7 48. a6 Kc7 49. Ra1
Rh2+ 50. Kxb3 Rh3+ 51. Kc4 Rh4+ 52. Kc3 Rh3+ 53. Kd4 Kb8 54. a7+ Ka8 55.
Nd6 Rb3 56. Nc8 1-0

[Event "WCh-Junior"]
[Site "Gaziantep TUR"]
[Date "2008.08.13"]
[Round "11"]
[White "Hou Yifan"]
[Black "Mamedov,Rau"]
[Result "1/2-1/2"]
[WhiteElo "2557"]
[BlackElo "2627"]
[EventDate "2008.08.03"]

1. e4 c5 2. Nc3 d6 3. f4 g6 4. Nf3 Bg7 5. Bc4 Nc6 6. O-O e6 7. f5 gxf5 8.
exf5 d5 9. fxe6 Bxe6 10. Bb5 Nge7 11. d4 cxd4 12. Nxd4 O-O 13. Be3 a6 14.
Bxc6 Nxc6 15. Kh1 Kh8 16. h3 Bxh3 17. Nxc6 bxc6 18. Qh5 Be6 19. Ne2 Rb8 20.
Rf4 Qe7 21. Nd4 f5 22. Nxc6 Qe8 23. Qxe8 Rbxe8 24. Bd4 Bd7 25. Bxg7+ Kxg7
26. Nd4 Re4 27. Raf1 Kf6 28. c3 Ke5 29. g3 a5 30. Nb3 Bb5 31. R1f2 a4 32.
Nd4 Bd7 33. Kg2 Rc8 34. a3 Rf8 35. Nf3+ Kd6 36. Nd4 Ke5 37. Nc2 Rg8 38.
R4f3 h5 39. Nd4 h4 40. Nxf5 Bxf5 41. Rxf5+ Kd6 42. Rd2 Rxg3+ 43. Kh2 Re5
44. Rf4 Rge3 45. Rxh4 Re2+ 46. Rxe2 Rxe2+ 47. Kg3 Rxb2 48. Rxa4 Rb3 49. Kf2
Rxc3 50. Ke2 Rc4 51. Rxc4 Ke5 1/2-1/2

[Event "WCh-Junior"]
[Site "Gaziantep TUR"]
[Date "2008.08.13"]
[Round "11"]
[White "Melkumyan,H"]
[Black "Le Quang Liem"]
[Result "1/2-1/2"]
[WhiteElo "2507"]
[BlackElo "2577"]
[EventDate "2008.08.03"]

1. d4 d5 2. c4 c6 3. Nf3 Nf6 4. Nc3 e6 5. Bg5 h6 6. Bh4 dxc4 7. e4 g5 8.
Bg3 b5 9. Ne5 h5 10. h4 g4 11. Be2 Bb7 12. O-O Nbd7 13. Qc2 Nxe5 14. Bxe5
Bg7 15. Bg3 O-O 16. e5 Nd5 17. Ne4 f5 18. exf6 Nxf6 19. Ng5 Qd5 20. Rfe1 c5
21. Bf1 cxd4 22. Re5 d3 23. Qc1 Qd7 24. Nxe6 d2 25. Qc2 Be4 26. Qc3 d1=Q
27. Rxd1 Qxd1 28. Rxe4 Rfe8 29. Re3 Bh8 30. Re1 Qd7 31. Nc7 Rxe1 32. Qxe1
Rd8 33. a4 a6 34. axb5 axb5 35. Qe5 Bg7 36. Nxb5 Re8 37. Qc3 Kh8 38. Qxc4
Ne4 39. Bf4 Qf5 40. g3 Qc5 41. Qxc5 Nxc5 42. b4 Ne6 43. Be3 Bf8 44. Nc3 Kg7
45. Nd5 Rd8 46. Bc4 Bd6 47. b5 Be5 48. b6 Bd4 49. Nc7 Nc5 50. Bf4 Rd7 51.
Bd5 Re7 52. Kf1 Nd3 53. b7 Re1+ 54. Kg2 Nxf4+ 55. gxf4 Ba7 56. Nb5 Bb8 57.
Nd4 Rb1 58. Nf5+ Kg6 59. Ng3 Rb2 60. f5+ Kf6 61. Nxh5+ Kxf5 62. Bc6 Ba7 63.
Bd7+ Ke5 64. Bxg4 Rxf2+ 65. Kg3 Rb2 66. Bf3 Bf2+ 67. Kh3 Rb3 68. Kg4 Rb4+
69. Kg5 Bxh4+ 70. Kg6 Bf2 71. Nf6 Ba7 72. Nd7+ Kd6 73. b8=Q+ Bxb8 74. Nxb8
Rxb8 75. Kg7 Rb3 76. Be4 Ke6 77. Bh7 Ke7 78. Kh8 Rb2 79. Kg7 Rg2+ 80. Kh8
Kf6 81. Bg8 Kg6 82. Bh7+ Kf7 83. Bd3 Rg8+ 84. Kh7 Rg3 85. Bc4+ Kf6 86. Ba2
Ra3 87. Bb1 Kf7 88. Bg6+ Kf6 89. Bb1 Ra7+ 90. Kh8 Kf7 91. Bc2 Rb7 92. Be4
Rb4 93. Bd5+ Kg6 94. Ba2 Rb2 95. Bc4 Rb8+ 96. Bg8 Kf6 97. Kh7 Rb4 98. Kh8
Ke5 1/2-1/2

[Event "WCh-Junior"]
[Site "Gaziantep TUR"]
[Date "2008.08.13"]
[Round "11"]
[White "Andreikin,D"]
[Black "Hammer,J"]
[Result "1-0"]
[WhiteElo "2604"]
[BlackElo "2494"]
[EventDate "2008.08.03"]

1. Nc3 Nf6 2. e4 e5 3. f4 d5 4. fxe5 Nxe4 5. Nf3 Nc6 6. Qe2 Nxc3 7. dxc3
Bg4 8. Bf4 Qd7 9. O-O-O O-O-O 10. Qf2 Qf5 11. Qg3 Be7 12. Bd3 Qh5 13. Rdf1
d4 14. Nxd4 Nxd4 15. cxd4 Rxd4 16. h3 Rxf4 17. hxg4 Rxf1+ 18. Rxf1 Qg5+ 19.
Kd1 Rf8 20. Rh1 Bc5 21. Rxh7 Re8 22. c3 Rxe5 23. Rh5 Re3 24. Rxg5 Rxg3 25.
Bf5+ Kd8 26. Be4 b6 27. Rxg7 f5 28. Bxf5 Rxg2 29. Rd7+ Ke8 30. Rxc7 a5 31.
Kc1 Be3+ 32. Kb1 Rg1+ 33. Kc2 Rg2+ 34. Kb1 Rg1+ 35. Kc2 Rg2+ 36. Kd3 Bc1
37. b3 Rxa2 38. Rb7 Rd2+ 39. Ke4 Rd6 40. Ke5 Rh6 41. Be6 Be3 42. Kf5 Rh1
43. Bc4 Rh2 44. g5 Rf2+ 45. Ke6 Kf8 46. g6 Bh6 47. g7+ Bxg7 48. Rb8+ 1-0

[Event "WCh-Junior"]
[Site "Gaziantep TUR"]
[Date "2008.08.13"]
[Round "11"]
[White "Ragger,M"]
[Black "Lenic,L"]
[Result "1/2-1/2"]
[WhiteElo "2527"]
[BlackElo "2584"]
[EventDate "2008.08.03"]

1. e4 e5 2. Nf3 Nc6 3. Bb5 a6 4. Ba4 Nf6 5. O-O b5 6. Bb3 Bb7 7. d3 Be7 8.
Nc3 O-O 9. Bd2 d6 10. a4 Nd4 11. Nxd4 exd4 12. Ne2 c5 13. Ng3 d5 14. exd5
Bxd5 15. Bxd5 Qxd5 16. b3 Bd6 17. Re1 g6 18. Ne4 Nxe4 19. Rxe4 c4 20. bxc4
bxc4 21. Qe2 cxd3 22. Qxd3 Be5 23. Rae1 Bg7 24. h3 Qc5 25. Bf4 Rac8 26.
R1e2 Qa5 27. Qb3 Qc3 28. Qxc3 dxc3 29. Be5 f6 30. Bf4 g5 31. Be3 Rfe8 32.
Rxe8+ Rxe8 33. f3 Re5 34. Kf2 Ra5 35. Bd4 Rxa4 36. Bxc3 Kf7 37. Ke3 Bf8 38.
Kd3 h5 39. Re4 Rxe4 40. Kxe4 Ke6 41. g4 hxg4 42. hxg4 Bd6 43. Ba5 Bc5 44.
c3 Ba7 1/2-1/2

[Event "WCh-Junior"]
[Site "Gaziantep TUR"]
[Date "2008.08.13"]
[Round "11"]
[White "Zhigalko,S"]
[Black "Arun Prasad,S"]
[Result "1-0"]
[WhiteElo "2583"]
[BlackElo "2492"]
[EventDate "2008.08.03"]

1. e4 c5 2. c3 d5 3. exd5 Qxd5 4. d4 Nf6 5. Nf3 e6 6. Be2 Nc6 7. O-O Be7 8.
c4 Qd8 9. dxc5 Qxd1 10. Rxd1 Bxc5 11. Nc3 b6 12. Bf4 O-O 13. a3 Bb7 14. b4
Be7 15. Nb5 Rfd8 16. Bc7 Rxd1+ 17. Rxd1 Ne8 18. Bf4 Rd8 19. Rxd8 Bxd8 20.
Kf1 a5 21. bxa5 Nxa5 22. Be3 f6 23. c5 bxc5 24. Bxc5 Kf7 25. Nfd4 Bd5 26.
Nc3 Nb3 27. Nxb3 Bxb3 28. Nb5 e5 29. Nd6+ Nxd6 30. Bxd6 Ke6 31. Bb4 f5 32.
Bb5 Bd5 33. a4 g5 34. f3 h5 35. h3 e4 36. fxe4 Bxe4 37. a5 g4 38. a6 Bb6
39. Be2 Kd7 40. Be1 Kc8 41. Bf2 Bc7 42. Bc4 Kb8 43. Kg1 Ka8 44. Bf7 Be5 45.
Bxh5 Bd3 46. a7 gxh3 47. Bf3+ Be4 48. Bxe4+ fxe4 49. gxh3 Bf4 50. Bd4 Bg5
51. Kf1 Kb7 52. Ke2 Ka8 53. Be3 Bh4 54. Kd2 1-0

[Event "WCh-Junior"]
[Site "Gaziantep TUR"]
[Date "2008.08.13"]
[Round "11"]
[White "Sanikidze,T"]
[Black "Gopal,G"]
[Result "1/2-1/2"]
[WhiteElo "2486"]
[BlackElo "2572"]
[EventDate "2008.08.03"]

1. d4 Nf6 2. c4 c5 3. d5 e6 4. Nf3 d6 5. h3 exd5 6. cxd5 g6 7. e4 Bg7 8.
Bd3 O-O 9. O-O c4 10. Bc2 b5 11. Be3 Bb7 12. Nbd2 Nbd7 13. a4 a6 14. Nd4
Qb8 15. axb5 axb5 16. Rxa8 Bxa8 17. Qa1 Nc5 18. Qa5 b4 19. Nb5 c3 20. bxc3
bxc3 21. Nxc3 Qb2 22. Bb1 Nb7 23. Qc7 Ne8 24. Qc8 Bxc3 25. Qxa8 Nf6 26. Qa2
Qxa2 27. Bxa2 Bxd2 28. Bxd2 Nxe4 29. Bh6 Ra8 30. Bc4 Nbc5 31. Rb1 f6 32.
Be3 Rd8 33. f3 Ng5 34. Bxc5 dxc5 35. Rb7 Kf8 36. Rc7 Nf7 37. Rxc5 Nd6 38.
Bb3 Rb8 39. Ba4 Rb7 40. Ra5 Ke7 41. Ra8 f5 42. Bc6 Rb1+ 43. Kf2 f4 44. Ke2
Rb2+ 45. Kd3 Rxg2 46. Kd4 Re2 47. Ra7+ Kf6 48. Rxh7 Re3 49. Kc5 Nf7 50. Kb6
g5 51. d6 Nxd6 52. Rh6+ Ke5 1/2-1/2

[Event "WCh-Junior"]
[Site "Gaziantep TUR"]
[Date "2008.08.13"]
[Round "11"]
[White "Iturrizaga,E"]
[Black "Wen Yang"]
[Result "1/2-1/2"]
[WhiteElo "2561"]
[BlackElo "2487"]
[EventDate "2008.08.03"]

1. c4 e5 2. g3 Nf6 3. Bg2 d5 4. cxd5 Nxd5 5. Nc3 Nb6 6. Nf3 Nc6 7. O-O Be7
8. d3 O-O 9. a3 Re8 10. b4 Bf8 11. Bb2 a5 12. b5 Nd4 13. Nxd4 exd4 14. Na4
Nxa4 15. Qxa4 Bc5 16. Rfc1 Bb6 17. Bf3 Rb8 1/2-1/2

[Event "WCh-Junior"]
[Site "Gaziantep TUR"]
[Date "2008.08.13"]
[Round "11"]
[White "Kravtsiv,M"]
[Black "Toufighi,H"]
[Result "1-0"]
[WhiteElo "2555"]
[BlackElo "2425"]
[EventDate "2008.08.03"]

1. d4 e6 2. c4 Nf6 3. Nf3 b6 4. g3 Bb7 5. Bg2 Bb4+ 6. Bd2 Bxd2+ 7. Nbxd2 d6
8. O-O Nbd7 9. Qc2 c5 10. e4 cxd4 11. Nxd4 a6 12. Rfd1 Qc7 13. Nf1 O-O 14.
Ne3 Rac8 15. Rac1 Rfd8 16. Ne2 Ne5 17. Qb1 Qb8 18. Rd4 Nc6 19. Rd2 Ne5 20.
Rd4 Nc6 21. Rd2 Qa8 22. Rcd1 Na5 23. Rxd6 Rxd6 24. Rxd6 Bxe4 25. Qf1 Qb8
26. Rd4 Bxg2 27. Qxg2 b5 28. cxb5 Qxb5 29. Rd2 h6 30. Nc3 Qe5 31. Qf1 Ra8
32. Qd3 Nb7 33. Qc4 Na5 34. Qd3 Nb7 35. Qc4 Na5 36. Qd4 Qc7 37. Ne4 Nxe4
38. Qxe4 Rb8 39. b4 Nb7 40. Rc2 Qe7 41. a3 Rd8 42. Qe5 Nd6 43. Qa5 Rd7 44.
Qxa6 Nf5 45. Qa8+ Kh7 46. Qe4 g6 47. Nxf5 gxf5 48. Qf3 Rd5 49. Kg2 Qd7 50.
Rc3 Kg6 51. Rc4 Rd3 52. Qa8 Kg7 53. a4 Ra3 54. a5 e5 55. Rc8 f4 56. Rg8+
Kh7 57. g4 Qd3 58. Rh8+ Kg6 59. Qc6+ 1-0

[Event "WCh-Junior"]
[Site "Gaziantep TUR"]
[Date "2008.08.13"]
[Round "11"]
[White "Popov,Iv RUS"]
[Black "Karthikeyan,P"]
[Result "1/2-1/2"]
[WhiteElo "2549"]
[BlackElo "2402"]
[EventDate "2008.08.03"]

1. e4 e5 2. Nf3 Nf6 3. d4 Nxe4 4. Bd3 d5 5. Nxe5 Nd7 6. Nxd7 Bxd7 7. O-O
Bd6 8. c4 c6 9. Nc3 O-O 10. cxd5 Nxc3 11. bxc3 cxd5 12. Qh5 g6 13. Qxd5 Qc7
14. Qf3 Qxc3 15. Bh6 Rfe8 16. Qf6 Bf8 17. Bxf8 Rxf8 18. Be4 Bc6 19. Rac1
Qb4 20. Bxc6 bxc6 21. Rxc6 Rad8 22. Rc7 Qxd4 23. Qxd4 Rxd4 24. Rxa7 Rc8 25.
Rc7 1/2-1/2

[Event "WCh-Junior"]
[Site "Gaziantep TUR"]
[Date "2008.08.13"]
[Round "11"]
[White "Can,E"]
[Black "Sjugirov,S"]
[Result "1/2-1/2"]
[WhiteElo "2460"]
[BlackElo "2545"]
[EventDate "2008.08.03"]

1. e4 c5 2. c3 Nf6 3. e5 Nd5 4. d4 cxd4 5. Nf3 Nc6 6. cxd4 d6 7. Bc4 Nb6 8.
Bb5 Bd7 9. Nc3 dxe5 10. dxe5 g6 11. O-O Bg7 12. Qe2 O-O 13. h3 Qc7 14. Bf4
Be6 15. Rac1 Rac8 16. Rfe1 Rfd8 17. Qe3 Qb8 18. Bxc6 Rxc6 19. Nd4 Rc4 20.
Nxe6 fxe6 21. b3 Rc6 22. Bg5 Rd7 23. f4 Rdc7 24. Ne2 Nd5 25. Qd2 Rxc1 26.
Rxc1 Qc8 27. Bh4 Bh6 28. Bg3 Rxc1+ 29. Nxc1 Qf8 30. Nd3 Qf5 31. h4 b6 32.
Kf2 Qe4 33. Qe2 Qd4+ 34. Kf3 Nc3 35. Qc2 Qe4+ 36. Kf2 Nd5 37. Qe2 Qd4+ 38.
Kf3 Nc3 39. Qc2 Kf7 40. Nf2 Nd5 41. Qd3 Qb2 42. Ng4 Bg7 43. a4 Nb4 44. Qc4
Nc2 45. Bf2 Na1 46. b4 Qa3+ 47. Ne3 Qxa4 48. Qc3 Nb3 49. Nc2 Qa2 50. Be3
Qb1 51. Kf2 Qa2 52. Kf3 h5 53. g3 Bf8 54. Nd4 Nxd4+ 55. Qxd4 Qb3 56. Qd2
Qc4 57. Kf2 Qb5 58. Qd4 Bg7 59. Ke1 Qa4 60. Bd2 Qa2 61. Qc3 Qd5 62. Kf2 Qh1
63. Be1 Qh2+ 64. Kf1 Bh6 65. Qf3 Qc2 66. Qc3 Qe4 67. Kg1 Qe2 68. Qd2 Qf3
69. Qc3 Qe4 70. Qd2 Ke8 71. Kf2 Qh1 72. Qd3 Qh2+ 73. Kf1 Qh3+ 74. Kg1 Kf7
75. Qf3 Qf5 76. Qc3 Qg4 77. Kf2 Qd1 78. Qd2 Qb1 79. Qc3 Qe4 80. Kg1 Qe2 81.
Qd2 Qf3 82. Qc3 Qe4 83. Kf2 Bg7 84. Qe3 Qf5 85. Kg1 Qc2 86. Qd2 Qxd2 87.
Bxd2 Ke8 88. Kf2 Kd7 89. b5 Kc7 90. Bb4 Bf8 91. Ke3 Kb7 92. Ke4 1/2-1/2

[Event "WCh-Junior"]
[Site "Gaziantep TUR"]
[Date "2008.08.13"]
[Round "11"]
[White "Durarbeyli,V"]
[Black "Leon Hoyos,M"]
[Result "1/2-1/2"]
[WhiteElo "2413"]
[BlackElo "2543"]
[EventDate "2008.08.03"]

1. e4 c5 2. Nf3 e6 3. d4 cxd4 4. Nxd4 a6 5. Bd3 Bc5 6. Nb3 Be7 7. Qg4 g6 8.
Qe2 d6 9. O-O Nd7 10. a4 b6 11. Na3 Qc7 12. Nc4 Ngf6 13. Bh6 Bf8 14. Bxf8
Kxf8 15. f4 d5 16. exd5 exd5 17. Ne5 Kg7 18. Nxd7 Bxd7 19. Qf2 Rhe8 20. Qd4
Bf5 21. Bxf5 gxf5 22. Rf3 Qd6 23. a5 bxa5 24. Nc5 Re2 25. Nd7 Qxd7 26. Rg3+
Kf8 27. Qxf6 Qe6 28. Qg7+ Ke7 29. h3 Rc8 30. Qxh7 Rcxc2 31. Qh4+ Kd7 32.
Rg8 Kc6 33. Kh2 Kb7 34. Ra3 Rxb2 35. Qd8 Rxg2+ 36. Rxg2 Rxg2+ 37. Kxg2 Qe2+
38. Kg3 Qe1+ 39. Kf3 Qf1+ 40. Kg3 Qe1+ 41. Kf3 Qf1+ 42. Kg3 Qe1+ 1/2-1/2

[Event "WCh-Junior"]
[Site "Gaziantep TUR"]
[Date "2008.08.13"]
[Round "11"]
[White "Laznicka,V"]
[Black "Vishnu,P"]
[Result "1-0"]
[WhiteElo "2601"]
[BlackElo "2341"]
[EventDate "2008.08.03"]

1. Nf3 Nf6 2. c4 e6 3. g3 b6 4. Bg2 Bb7 5. d4 Be7 6. Nc3 O-O 7. O-O Ne4 8.
Bd2 f5 9. Qc2 d6 10. Ne1 Nxc3 11. Bxc3 Bxg2 12. Nxg2 Qe8 13. e4 Nd7 14.
exf5 Rxf5 15. Rae1 Rf6 16. Qe4 Rd8 17. Nf4 Nf8 18. d5 e5 19. Nd3 g5 20. f4
gxf4 21. gxf4 Qg6+ 22. Kh1 Qxe4+ 23. Rxe4 Kf7 24. Rg1 Ng6 25. fxe5 dxe5 26.
Nxe5+ Nxe5 27. Bxe5 Rg6 28. Rxg6 hxg6 29. Bxc7 Rd7 30. Bg3 b5 31. b3 bxc4
32. bxc4 Rb7 33. d6 1-0

[Event "WCh-Junior"]
[Site "Gaziantep TUR"]
[Date "2008.08.13"]
[Round "11"]
[White "Nechepurenko,R"]
[Black "Pacher,M"]
[Result "1-0"]
[WhiteElo "2476"]
[BlackElo "2361"]
[EventDate "2008.08.03"]

1. d4 Nf6 2. c4 e6 3. Nc3 Bb4 4. Qc2 O-O 5. a3 Bxc3+ 6. Qxc3 b6 7. Bg5 Bb7
8. e3 d6 9. Ne2 Nbd7 10. Qc2 c5 11. Rd1 Rc8 12. Nc3 cxd4 13. Rxd4 Rc5 14.
Bh4 Qa8 15. f3 d5 16. Qd1 Qc8 17. b4 Rc6 18. Nb5 Qa8 19. Be2 Ba6 20. cxd5
Nxd5 21. Bf2 Ne5 22. O-O Bxb5 23. Bxb5 Nc3 24. Bxc6 Nxc6 25. Qc2 Nxd4 26.
exd4 Nd5 27. Rc1 Ne7 28. Qe4 Rc8 29. Qxa8 Rxa8 30. Rc7 Kf8 31. Rb7 Ke8 32.
Bg3 Nd5 33. Bb8 a5 34. b5 a4 35. Ba7 Rc8 36. Bxb6 Rc1+ 37. Kf2 Rc2+ 38. Kg3
Ne3 39. Bc5 Rxg2+ 40. Kf4 Nf5 41. b6 Rxh2 42. d5 Rc2 43. Rc7 Kd8 44. Ke4
Re2+ 45. Kd3 Re5 46. Kc4 Rxd5 47. Kb5 h5 48. Kc6 h4 49. Rxf7 Rxc5+ 50. Kxc5
h3 51. b7 1-0

[Event "WCh-Junior"]
[Site "Gaziantep TUR"]
[Date "2008.08.13"]
[Round "11"]
[White "Akshayraj,K"]
[Black "Swiercz,D"]
[Result "1-0"]
[WhiteElo "2392"]
[BlackElo "2456"]
[EventDate "2008.08.03"]

1. d4 Nf6 2. Nc3 d5 3. Bg5 Nbd7 4. f3 c5 5. dxc5 Qa5 6. Qd2 e6 7. e4 Bxc5
8. exd5 exd5 9. Nge2 O-O 10. O-O-O d4 11. Bxf6 Nxf6 12. Nxd4 Bb6 13. Nb3
Qh5 14. Bc4 Qh4 15. Nd4 Rd8 16. Nce2 Qf2 17. Kb1 h6 18. Qd3 Be6 19. Bxe6
fxe6 20. Qc4 Bxd4 21. Nxd4 Qxg2 22. Rdg1 Qf2 23. Nxe6 Rdc8 24. Nc7+ Kh8 25.
Qf7 Nh5 26. Nxa8 Qxc2+ 27. Ka1 Qc5 28. Qxb7 g6 29. a3 Nf4 30. Rc1 Qxc1+ 31.
Rxc1 Rxc1+ 32. Ka2 g5 33. Nc7 Re1 34. Qc6 Ne2 35. Qxh6+ Kg8 36. Qxg5+ Kf7
37. a4 a5 38. Qh5+ Kg7 39. Ne6+ Kf6 40. Qh4+ Kxe6 1-0

[Event "WCh-Junior"]
[Site "Gaziantep TUR"]
[Date "2008.08.13"]
[Round "11"]
[White "Narmontas,M"]
[Black "Ashwin,J"]
[Result "0-1"]
[WhiteElo "2369"]
[BlackElo "2436"]
[EventDate "2008.08.03"]

1. e4 c5 2. Nf3 e6 3. d4 cxd4 4. Nxd4 Nc6 5. Nc3 Qc7 6. Be2 a6 7. O-O Nf6
8. Be3 Be7 9. f4 d6 10. Qe1 O-O 11. Qg3 Nxd4 12. Bxd4 b5 13. a3 Bb7 14.
Rae1 d5 15. e5 Ne4 16. Qe3 Nxc3 17. bxc3 Bc8 18. Rf3 Bd7 19. Bd3 f5 20.
exf6 Bxf6 21. Rh3 g6 22. f5 exf5 23. Bxf6 Rxf6 24. Rxh7 Kxh7 25. Qe7+ Kg8
26. Qxf6 Qc6 27. Qg5 Re8 28. Rxe8+ Bxe8 29. Bxf5 Qc5+ 30. Kf1 Qf8 31. g4
Kh7 32. Qh4+ Kg7 33. Qg5 a5 34. Ke2 Qxa3 35. h4 Qxc3 36. h5 Qe5+ 37. Kd2 d4
38. hxg6 Bc6 39. Kc1 Qe3+ 40. Qxe3 dxe3 41. c3 Bd5 42. Bd3 Bc4 43. Be4 a4
44. Kc2 a3 45. Bf3 e2 46. Bxe2 Bxe2 47. Kb3 Bxg4 48. Kxa3 Be2 49. Kb3 Kxg6
0-1

[Event "WCh-Junior"]
[Site "Gaziantep TUR"]
[Date "2008.08.13"]
[Round "11"]
[White "Sirin,A"]
[Black "Rombaldoni,D"]
[Result "1-0"]
[WhiteElo "2107"]
[BlackElo "2418"]
[EventDate "2008.08.03"]

1. d4 d5 2. Nf3 c6 3. Bf4 Qb6 4. Qc1 Bf5 5. Nbd2 Nf6 6. h3 h6 7. e3 Nbd7 8.
Be2 g5 9. Bg3 Bg7 10. Ne5 c5 11. c3 Rc8 12. O-O Qe6 13. Qd1 h5 14. Ndf3 Bh6
15. Nxd7 Nxd7 16. dxc5 h4 17. Nd4 Qf6 18. Nxf5 Qxf5 19. Bg4 Qe4 20. f3 Qc4
21. Bf2 e6 22. e4 dxe4 23. fxe4 Rxc5 24. Bd4 Re5 25. Bxe5 Nxe5 26. Qd6 Nc6
27. Rxf7 Kxf7 28. Bxe6+ 1-0

[Event "WCh-Junior"]
[Site "Gaziantep TUR"]
[Date "2008.08.13"]
[Round "11"]
[White "Lin Chen"]
[Black "Djuraev,S"]
[Result "1/2-1/2"]
[WhiteElo "2417"]
[BlackElo "2324"]
[EventDate "2008.08.03"]

1. e4 e5 2. Nf3 Nc6 3. Bb5 a6 4. Ba4 Nf6 5. Qe2 d6 6. O-O g6 7. c3 Bg7 8.
Bxc6+ bxc6 9. d4 exd4 10. e5 dxe5 11. Qxe5+ Be6 12. Nxd4 O-O 13. Nxe6 Qe7
14. Bf4 Qxe6 15. Qxe6 fxe6 16. Bxc7 Ne4 17. f3 Ra7 18. fxe4 Rxf1+ 19. Kxf1
Rxc7 20. Nd2 Bh6 21. Ke2 Bxd2 22. Kxd2 Kf7 23. Ke3 Rd7 24. Rf1+ Ke7 25. b4
Rd8 26. a4 Rd7 27. Rb1 e5 28. h4 Ke6 29. g4 Rf7 30. c4 Kd6 31. a5 Rf4 32.
b5 cxb5 33. cxb5 axb5 34. a6 Kc6 35. Ra1 Rf8 36. a7 Ra8 37. Ra6+ Kb7 38.
Re6 Rxa7 39. Rxe5 Kc6 40. h5 gxh5 41. Rxh5 1/2-1/2

[Event "WCh-Junior"]
[Site "Gaziantep TUR"]
[Date "2008.08.13"]
[Round "11"]
[White "Caspi,I"]
[Black "Baramidze,D"]
[Result "1/2-1/2"]
[WhiteElo "2412"]
[BlackElo "2593"]
[EventDate "2008.08.03"]

1. e4 e5 2. Nf3 Nc6 3. Bb5 a6 4. Ba4 Nf6 5. O-O Be7 6. Re1 b5 7. Bb3 d6 8.
c3 O-O 9. h3 Nb8 10. d4 Nbd7 11. Nbd2 Bb7 12. Bc2 Re8 13. Nf1 Bf8 14. Ng3
g6 15. b3 Bg7 16. d5 Qb8 17. Be3 c6 18. c4 bxc4 19. bxc4 cxd5 20. cxd5 Rc8
21. Qd2 a5 22. Rab1 a4 23. Rec1 Nc5 24. Rb4 Nfd7 25. Ne2 a3 26. Nc3 Na6 27.
Rb3 Nac5 28. Rb4 Na6 29. Rb3 1/2-1/2

[Event "WCh-Junior"]
[Site "Gaziantep TUR"]
[Date "2008.08.13"]
[Round "11"]
[White "Abdulov,Or"]
[Black "Khamrakulov,D"]
[Result "1-0"]
[WhiteElo "2318"]
[BlackElo "2554"]
[EventDate "2008.08.03"]

1. e4 c6 2. d4 d5 3. Nc3 dxe4 4. Nxe4 Bf5 5. Ng3 Bg6 6. h4 h6 7. Nf3 Nd7 8.
h5 Bh7 9. Bd3 Bxd3 10. Qxd3 e6 11. Bd2 Ngf6 12. O-O-O Be7 13. Qe2 O-O 14.
Nf1 c5 15. g4 cxd4 16. g5 hxg5 17. Bxg5 Qa5 18. Kb1 e5 19. Ng3 Rfe8 20. Nf5
Ba3 21. Rdg1 Bxb2 22. Bxf6 Nxf6 23. Rxg7+ Kf8 24. Qc4 1-0

[Event "WCh-Junior"]
[Site "Gaziantep TUR"]
[Date "2008.08.13"]
[Round "11"]
[White "Pruijssers,R"]
[Black "Benidze,D"]
[Result "1/2-1/2"]
[WhiteElo "2452"]
[BlackElo "2389"]
[EventDate "2008.08.03"]

1. e4 c5 2. Nf3 d6 3. d4 cxd4 4. Nxd4 Nf6 5. Nc3 Nc6 6. Bg5 e6 7. Qd2 a6 8.
O-O-O Bd7 9. f3 Rc8 10. Nxc6 Bxc6 11. Ne2 h6 12. Be3 Be7 13. Nd4 Ba4 14.
Bd3 Qc7 15. g4 Nd7 16. b3 Bc6 17. Kb1 Nc5 18. h4 Bd7 19. g5 e5 20. Ne2 b5
21. gxh6 gxh6 22. Rdg1 Bf8 23. Rg2 Be6 24. Rhg1 Qd8 25. Rg8 Qf6 26. f4 Rxg8
27. Rxg8 exf4 28. Bxf4 Kd7 29. Rxf8 Rxf8 30. Bxb5+ axb5 31. Qxd6+ Ke8 32.
Qxc5 Rg8 33. Qxb5+ Bd7 34. Qb8+ Qd8 35. Qxd8+ Kxd8 36. Bxh6 f6 37. Bf4 Rg4
38. e5 Rg2 39. Nd4 Rg4 40. Be3 Re4 41. Bf2 fxe5 42. Nf3 Re2 43. Bb6+ Kc8
44. Kc1 Bf5 45. Nd2 Rh2 46. a4 Rxh4 47. Nf3 Rh1+ 48. Kb2 Rh3 49. Nxe5 Rh2
50. Kc3 Rxc2+ 51. Kb4 Kb7 52. Bd4 Re2 53. Nc4 Be6 54. Kc5 Rc2 1/2-1/2

[Event "WCh-Junior"]
[Site "Gaziantep TUR"]
[Date "2008.08.13"]
[Round "11"]
[White "Yaksin,O"]
[Black "Tomczak,J"]
[Result "1-0"]
[WhiteElo "2307"]
[BlackElo "2451"]
[EventDate "2008.08.03"]

1. d4 Nf6 2. Nf3 g6 3. g3 Bg7 4. Bg2 d5 5. O-O O-O 6. c4 dxc4 7. Na3 c3 8.
bxc3 c5 9. Qb3 Nc6 10. Rd1 Na5 11. Qb2 cxd4 12. cxd4 Ne4 13. Bf4 Be6 14.
Be5 Bh6 15. d5 Bxd5 16. Ng5 Bxg5 17. Bxe4 e6 18. Bxd5 exd5 19. e4 Nc6 20.
Rxd5 Qe7 21. Bd6 Qxe4 22. Bxf8 Rxf8 23. Rad1 Be7 24. Nb5 b6 25. Nc3 Qc4 26.
R5d3 Bf6 27. Qb5 Qxb5 28. Nxb5 Be5 29. f4 Bb8 30. Nd4 Ne7 31. Re1 Nc8 32.
Nc6 Bd6 33. Kg2 a5 34. Red1 Bc5 35. Ne5 Be7 36. a4 Re8 37. Nc6 Bf6 38. Kf3
Kg7 39. Re3 Rh8 40. Rd7 h5 41. h3 Rf8 42. Red3 Re8 43. Rc7 Ne7 44. Rdd7 Kf8
45. Ne5 g5 46. Nc6 gxf4 47. gxf4 Bh4 48. Nxe7 Bxe7 49. Rb7 f5 50. Rxb6 Rc8
51. Rd5 Rc3+ 52. Ke2 Rxh3 53. Rxf5+ Kg7 54. Rb7 Kg6 55. Rxa5 Rh2+ 56. Kf3
Rh3+ 57. Ke4 Rh1 58. Ra6+ Kf7 59. Raa7 Kf6 60. Rxe7 Re1+ 61. Kf3 1-0